Score 0/12 Timer 01:00
2 Plays Today
Hint Answer % Correct
China has a Great oneWALL
95.8%
Last wishes documentWILL
95.3%
• Author responsible for 'Misery'?KING
93.6%
Merlot or RoseWINE
89.5%
• Stroll, or in this case shuffleWALK
86.6%
• UnlivingDEAD
86.5%
Chicken or 747 featureWING
86%
Guile or deceitWILE
78.7%
TypeKIND
76.1%
Cheese skinRIND
74.3%
Arthur's surname, on a PBS showREAD
73.3%
Rip apartREND
61.4%

Today's Daily Dose

Remove Ads.
Support Sporcle.
Get the best of Sporcle when you Go Orange. This ad-free experience offers more features, more stats, and more fun while also helping to support Sporcle. Thank you for becoming a member.

You're not logged in!

Compare scores with friends on all Sporcle quizzes.
OR
Log In

Show Comments

Extras

Top Quizzes Today


Score Distribution

Your Account Isn't Verified!

In order to create a playlist on Sporcle, you need to verify the email address you used during registration. Go to your Sporcle Settings to finish the process.

Report this User

Report this user for behavior that violates our Community Guidelines.

Details: